Normal view
MARC view
- Field Theory
Entry Topical Term
001 - CONTROL NUMBER
- control field: 101371
003 - CONTROL NUMBER IDENTIFIER
- control field: NUST
005 - DATE AND TIME OF LATEST TRANSACTION
- control field: 20221025153320.0
008 - FIXED-LENGTH DATA ELEMENTS
- fixed length control field: 221025|| aca||aabn | a|a d
040 ## - CATALOGING SOURCE
- Original cataloging agency: NUST
- Transcribing agency: NUST
150 ## - HEADING--TOPICAL TERM
- Topical term or geographic name entry element: Field Theory
670 ## - SOURCE DATA FOUND
- Source citation: Work cat.: (NUST)180290: Gangadhar, K. A. 101369, Field theory, 1987
